| 000 | 00914nam a2200229Ii 4500 | ||
|---|---|---|---|
| 003 | JO-AjNU | ||
| 008 | 230605s9999||||xx |||||||||||||| ||und|| | ||
| 017 | _a21/4756 | ||
| 040 |
_aJO-AjNU _bara _erda _cJO-AjNU |
||
| 041 | _aara | ||
| 050 | 1 | 4 | _aDS231.S2582 2000 |
| 100 | 3 |
_aتاليف السعيد، سعيد بن فايز إبراهيم, _eauthor _945417 |
|
| 245 | 0 | 0 | _aحملة الملك البابلي نبونيد على شمال غرب الجزيرة العربية |
| 250 | _aط8 | ||
| 264 | 3 | 1 | _aالرياض: الجمعية التاريخية السعودية، 2000 |
| 300 | _a97ص | ||
| 336 |
_atext _btxt _2rdacontent |
||
| 337 |
_aunmediated _bn _2rdamedia |
||
| 338 |
_avolume _bnc _2rdacarrier |
||
| 490 | 0 | _aسلسلة محكمة من الدراسات التاريخية والحضارية | |
| 650 | 4 |
_aالبابليون-شبه الجزيرة العربية - تاريخ قديم _945418 |
|
| 999 |
_aA19685 _c23253 _d23253 |
||